| 000 | 00630nam a2200181 i 4500 | ||
|---|---|---|---|
| 001 | 99987 | ||
| 003 | ES-MaACL | ||
| 005 | 20250915063039.0 | ||
| 007 | t| | ||
| 008 | 050921s1944 sp ||||1| spa d | ||
| 100 | 1 |
_aMartínez Val, José María, _d1916- _978455 |
|
| 245 | 1 | 0 |
_aNotas sobre la pedagogía del suarismo / _cpor el Dr. D. José María Martínez Val. |
| 260 |
_a[s.l. : _bs.n.], _c1944. |
||
| 300 |
_a10 p. ; _c24 cm. |
||
| 500 | _aEs separata del Boletín de la Institución del Divino Maestro. Sección Filosofía y Pedagogía. Nota del Autor. | ||
| 852 |
_aES-MaACL _j1600-F-26 _bR.26558 |
||
| 999 |
_c99987 _d99987 |
||